Incumplimiento alimentario respecto de los hijos menores /

Trabajo sobre cómo lograr que se cumpla con la pensión alimenticia establecida judicialmente, en el que son analizadas las diferentes alternativas establecidas por la legislación y la jurisprudencia argentinas y las propuestas por la doctrina, a lo largo de los siguientes capítulos: 1. Incumplimient...

Celý popis

Uloženo v:
Podrobná bibliografie
Hlavní autor: Belluscio, Claudio A. (autor)
Médium: Kniha
Jazyk:španělština
Vydáno: Buenos Aires, Argentina : La Rocca, 2002, c2002
Témata:
Tagy: Přidat tag
Žádné tagy, Buďte první, kdo vytvoří štítek k tomuto záznamu!

MARC

LEADER 00000nam^a2200000^a^4500
001 000158280
005 20250521000000.0
009 20260526125021.206
020 |a 987-517-047-X 
037 |a Acervo ITESO - Biblioteca 
041 |a ESP 
082 |a 346. 820166  |b BEL 
100 |a Belluscio, Claudio A.  |e (autor) 
245 1 0 |a Incumplimiento alimentario respecto de los hijos menores /  |c C.A. Belluscio ; pról. de Oscar Borgonovo. 
264 4 |a Buenos Aires, Argentina :  |b La Rocca,  |c 2002, c2002 
300 |a 271 p. 
336 |a texto  |b txt  |2 rdacontenido 
337 |a sin mediación  |b n  |2 rdamedio 
338 |a volumen  |b nc  |2 rdasoporte 
520 |a Trabajo sobre cómo lograr que se cumpla con la pensión alimenticia establecida judicialmente, en el que son analizadas las diferentes alternativas establecidas por la legislación y la jurisprudencia argentinas y las propuestas por la doctrina, a lo largo de los siguientes capítulos: 1. Incumplimiento alimentario. 2. Ejecución de la cuota alimentaria. 3. Sanciones civiles. 4. Sanciones penales. 5. Registro de deudores/as alimentarios/as morosos/as: Ley 269 de la ciudad de Buenos Aires. 6. Nuestra propuesta y 7. Apéndice de modelos. 
649 |a XX 
650 |a Hombres -  |z Argentina -  |x Condiciones Jurídicas 
650 |a Pensión Alimenticia -  |z Buenos Aires, Argentina (Ciudad) 
650 |a Pensión Alimenticia -  |z Argentina 
650 |a Sustento (Derecho Familiar) -  |z Buenos Aires, Argentina (Ciudad) 
650 |a Sustento (Derecho Familiar) -  |z Argentina 
650 |a Divorcio -  |z Buenos Aires, Argentina (Ciudad) 
650 |a Divorcio -  |z Argentina 
650 |a Matrimonio Civil -  |z Buenos Aires, Argentina (Ciudad) 
650 |a Matrimonio -  |z Argentina 
650 |a Deudor y Acreedor -  |z Buenos Aires, Argentina (Ciudad) 
650 |a Deudor y Acreedor -  |z Argentina 
650 |a Deuda -  |z Buenos Aires, Argentina (Ciudad) -  |x Aspectos Jurídicos 
650 |a Deuda -  |z Argentina -  |x Aspectos Jurídicos 
650 |a Multas -  |z Buenos Aires, Argentina (Ciudad) 
650 |a Multas -  |z Argentina 
650 |a Pena (Derecho) -  |z Buenos Aires, Argentina (Ciudad) 
650 |a Pena (Derecho) -  |z Argentina 
650 |a Derecho de Familia -  |z Buenos Aires, Argentina (Ciudad) 
650 |a Derecho de Familia -  |z Argentina 
650 |a Derecho Civil -  |z Buenos Aires, Argentina (Ciudad) 
650 |a Derecho Civil -  |z Argentina 
650 |a Derecho Penal -  |z Buenos Aires, Argentina (Ciudad) 
650 |a Derecho Penal -  |z Argentina 
650 |a Derecho Privado -  |z Buenos Aires, Argentina (Ciudad) 
650 |a Derecho Privado -  |z Argentina 
650 |a Paternidad -  |z Buenos Aires, Argentina (Ciudad) 
650 |a Paternidad -  |z Argentina 
650 |a Relaciones Padres-Hijos -  |z Buenos Aires, Argentina (Ciudad) 
650 |a Relaciones Padres-Hijos -  |z Argentina 
650 |a Relaciones Familiares -  |z Buenos Aires, Argentina (Ciudad) 
650 |a Relaciones Familiares -  |z Argentina 
650 |a Familia -  |z Buenos Aires, Argentina (Ciudad) 
650 |a Familia -  |z Argentina 
910 |a Fondo General 
920 |a Impresos - Libros 
930 |a Colección General 
905 |a 101 
901 |a 0500089836  |b IT1  |c ACC  |u 20250521 
902 |a https://opac.biblio.iteso.mx/vufind/Record/000158280